Socialismo y comunismo : un proceso único.

Salvato in:
Dettagli Bibliografici
Autore principale: Castro, Fidel (autor)
Natura: Libro
Lingua:spagnolo
Soggetti:
Tags: Aggiungi Tag
Nessun Tag, puoi essere il primo ad aggiungerne!!

MARC

LEADER 00000cam^a2200000uu^4500
001 000467842
005 20250521000000.0
008 050901s1970^^^^^^^^^^^^rd^r^^000^0^spa^d
009 20260310124457.065
035 |a FCE 000010574 
035 |a FCE 030900 
037 |a Acervo ITESO - Biblioteca 
041 |a spa 
082 0 4 |a 335.4  |b CASs 
100 |a Castro, Fidel  |e (autor) 
245 1 0 |a Socialismo y comunismo :  |b un proceso único. 
264 |a Montevideo :  |b Aportes,  |c 1970. 
300 |a 188 p. 
336 |a texto  |b txt  |2 rdacontenido 
337 |a sin mediación  |b n  |2 rdamedio 
338 |a volumen  |b nc  |2 rdasoporte 
649 |a XX 
650 |a Castro Ruz, Fidel 
650 |a Socialismo 
650 |a Revolución 
650 |a Comunismo 
650 |a Discurso 
650 |a Estructura social 
650 |a Conflicto social 
910 |a Fondo Centro de Estudios Educativos 
920 |a Impresos - Libros 
930 |a Fondos Especiales 
905 |a 133 
901 |a ALE030900  |b IT2  |c CEE  |u 20250521 
902 |a https://opac.biblio.iteso.mx/vufind/Record/000467842